| Поле | Инд. | ПП | Название | Значение |
|---|---|---|---|---|
| Тип записи | a | |||
| Библиографический уровень | m | |||
| 001 | Контрольный номер | 4168707a82c3464abf2e29d0ebf7ed9b | ||
| 005 | Дата корректировки | 20230907131819.6 | ||
| 008 | Кодируемые данные | 230829|||||||||ru |||||||||||||||||rus|| | ||
| 040 | b | Код языка каталог. | rus | |
| 041 | 0_ | a | Код языка текста | rus |
| 084 | a | Индекс другой классификации/Индекс ББК | 67.911.17-32+39.42-082.03 | |
| 090 | a | Полочн. индекс | 67.911.17 | |
| x | Авторский знак | К 65 | ||
| 203 | a | Вид содержания | Текст | |
| c | Тип средства | непосредственное | ||
| 245 | 10 | a | Заглавие | Консолидированный текст Конвенции СОЛАС-74 |
| b | Продолж. заглавия | бюллетень № 40 изменений и дополнений | ||
| 246 | 01 | a | Другая форма заглавия | Consolidated text of the 1974 SOLAS Convention |
| 260 | a | Место издания | Санкт-Петербург | |
| b | Издательство | ЦНИИМФ | ||
| c | Дата издания | 2021 | ||
| 300 | a | Объем | 37 с. | |
| 520 | 0_ | a | Аннотация | В настоящем издании приводится очередной комплект поправок к Международной конвенции по охране человеческой жизни на море 1974 г. с поправками (СОЛАС-74). Поправки приняты 102-й (4-11 ноября 2020 г.) сессией Комитета по безопасности на море ИМО. Поправка следует внести в Консолидированный текст Конвенции СОЛАС-74 издания 2021 г., опубликованный АО "ЦНИИМФ". Английский язык является одним из официальных и, в отличие от русского, рабочим языком ИМО. По этой причине, в случаях каких-либо разночтений положений документов, приведенных в Бюллетене, предпочтение должно отдаваться тексту на английском языке |
| 650 | 04 | a | Основная рубрика | Международная конвенция по охране человеческой жизни на море 1974 |
| 650 | 14 | a | Основная рубрика | Безопасность плавания судов-Международное морское право |
| 650 | 04 | a | Основная рубрика | Официальные документы |
| 653 | 0_ | a | Ключевые слова | Безопасность мореплавания; Безопасность на море; Бюллетень изменений и дополнений; ИМО; Конвенции ИМО; Международная конвенция по охране человеческой жизни на море 1974; Международное морское право; Международные морские организации; Охрана жизни на море; Устройство судов; Резолюция MSC.474(102); СОЛАС-74 |
| a | Ключевые слова | Остойчивость судна | ||
| 900 | a | Имя макрообъекта | Консолидированный текст. Бюллетень 40 | |
| 901 | t | Тип документа | m |